000
00312nam a2200133Ia 4500
100
_a
Tselikov/A.I.; Zyuzin/V.I.
942
_c
BK
654
_a
Rolling mills
245
_a
Modern development of rolling mills
260
_b
Mir Publishers
_a
Moscow
_c
1975
082
_a
621.8
300
_a
535
546
_a
ENGLISH
999
_c
28245
_d
28245